| 000 | 00399nam a2200157Ia 4500 | ||
|---|---|---|---|
| 008 | 231217s9999 xx 000 0 und d | ||
| 020 | _a8178813718 | ||
| 041 | _aEnglish | ||
| 082 | _a332.04154 MAD;3 | ||
| 100 | _aMadapati, Ravi S ed. | ||
| 245 | 0 | _aVenture capital : concepts and cases | |
| 260 |
_c2005 _bIcfai _aHyderabad |
||
| 300 | _aX,165+A14 | ||
| 650 | _aVenture,capital | ||
| 942 | _cAA | ||
| 999 |
_c188079 _d188079 |
||